[Event "19. Open de Sants Hostafrancs 2017"]
[Site "Barcelona ESP"]
[Date "2017.08.19"]
[Round "2.10"]
[White "Wadsworth, Matthew J"]
[Black "Ortiz Suarez, Isan Reynaldo"]
[Result "0-1"]
[WhiteElo "2273"]
[BlackElo "2556"]
[PlyCount "112"]
[EventDate "2017.08.18"]
[EventType "swiss"]
[EventRounds "10"]
[EventCountry "ESP"]
[SourceTitle "Ajedrez en Madrid"]
[Source "lmi"]
[SourceDate "2017.08.18"]

1. e4 c5 2. Nf3 d6 3. d4 cxd4 4. Nxd4 Nf6 5. Nc3 a6 6. Bg5 Nbd7 7. f4 Qa5 8.
Qf3 h6 9. Bxf6 Nxf6 10. f5 g5 11. O-O-O Bg7 12. g4 Bd7 13. h4 Qe5 14. hxg5 hxg5
15. Rxh8+ Bxh8 16. Qe3 Kf8 17. Be2 Rc8 18. Rh1 Bg7 19. Nf3 Rxc3 20. bxc3 Qxe4
21. Qxe4 Nxe4 22. Bd3 Nf2 23. Rg1 Bxc3 24. Nxg5 Bd4 25. Rg3 Be5 26. Rf3 Nxg4
27. Be4 b5 28. Bd5 Nh6 29. Kb1 Kg7 30. Rf1 Bf6 31. Rg1 Bxg5 32. Rxg5+ Kf6 33.
Rg3 a5 34. Rc3 Nxf5 35. Rc7 Ne3 36. Bxf7 Bf5 37. Be8 b4 38. Ba4 Nd5 39. Ra7
Nc3+ 40. Kc1 Nxa4 41. Rxa5 Bd7 42. Ra7 Nc5 43. Ra8 Bc6 44. Rh8 e5 45. Rh6+ Ke7
46. Kd2 Bd5 47. Rh4 e4 48. Rh7+ Ke6 49. Ra7 Ke5 50. Ke3 Be6 51. Ra5 Bc4 52. a3
b3 53. cxb3 Bxb3 54. Rb5 Bc4 55. Ra5 Ba6 56. a4 Kd5 0-1

[Event "19. Open de Sants Hostafrancs 2017"]
[Site "Barcelona ESP"]
[Date "2017.08.19"]
[Round "2.11"]
[White "Schroeder, Jan-christian"]
[Black "Gonzalez Rodriguez, Jorge A"]
[Result "1-0"]
[WhiteElo "2539"]
[BlackElo "2274"]
[PlyCount "93"]
[EventDate "2017.08.18"]
[EventType "swiss"]
[EventRounds "10"]
[EventCountry "ESP"]
[SourceTitle "Ajedrez en Madrid"]
[Source "lmi"]
[SourceDate "2017.08.18"]

1. e4 e6 2. d4 d5 3. Nd2 Nf6 4. e5 Ng8 5. Bd3 c5 6. c3 cxd4 7. cxd4 Qb6 8. Ne2
Bd7 9. O-O Bb5 10. Bxb5+ Qxb5 11. Nc3 Qd7 12. Nf3 Ne7 13. Na4 b6 14. Nc3 Nbc6
15. h4 h5 16. Bg5 Nf5 17. Rc1 Be7 18. Bxe7 Ncxe7 19. Qd2 Rc8 20. g3 Nc6 21. Nd1
O-O 22. Ne3 Nce7 23. Ng2 Rxc1 24. Rxc1 Rc8 25. Re1 Qa4 26. Nf4 Qxa2 27. Nxh5
Qb3 28. Nh2 Qc2 29. Qg5 Ng6 30. Nf3 Qd3 31. Kg2 Nxd4 32. Nxd4 Qxd4 33. Nxg7
Kxg7 34. h5 Qd3 35. Qf6+ Kf8 36. hxg6 Qxg6 37. Qh8+ Qg8 38. Rh1 Ke7 39. Qh4+
Kd7 40. Qa4+ Rc6 41. Qxa7+ Rc7 42. Qxb6 Rc6 43. Qb7+ Rc7 44. Qb5+ Rc6 45. Ra1
Qc8 46. Ra7+ Ke8 47. Qa4 1-0

[Event "19. Open de Sants Hostafrancs 2017"]
[Site "Barcelona ESP"]
[Date "2017.08.19"]
[Round "2.13"]
[White "Krysa, Leandro"]
[Black "Ranaldi, Lucas"]
[Result "1/2-1/2"]
[WhiteElo "2537"]
[BlackElo "2262"]
[PlyCount "101"]
[EventDate "2017.08.18"]
[EventType "swiss"]
[EventRounds "10"]
[EventCountry "ESP"]
[SourceTitle "Ajedrez en Madrid"]
[Source "lmi"]
[SourceDate "2017.08.18"]

1. Nf3 c5 2. c4 Nc6 3. d4 cxd4 4. Nxd4 g6 5. e4 Nf6 6. Nc3 d6 7. Be2 Nxd4 8.
Qxd4 Bg7 9. Be3 O-O 10. Qd2 Be6 11. Rc1 Qa5 12. f3 Rfc8 13. b3 a6 14. Na4 Qxd2+
15. Kxd2 Nd7 16. g4 Rcb8 17. Nb6 Nxb6 18. Bxb6 Bh6+ 19. Be3 Bxe3+ 20. Kxe3 a5
21. a3 g5 22. h4 h6 23. hxg5 hxg5 24. e5 dxe5 25. Bd3 f6 26. Rh6 Kg7 27. Rch1
Rh8 28. Rxh8 Rxh8 29. Rxh8 Kxh8 30. c5 Kg7 31. b4 axb4 32. axb4 Kf8 33. Be4 Bc8
34. b5 Ke8 35. b6 Kd8 36. Kd2 e6 37. c6 bxc6 38. Bxc6 Ba6 39. Kc3 Kc8 40. Kb4
f5 41. gxf5 exf5 42. Bd5 Bb7 43. Be6+ Kb8 44. Bxf5 Bxf3 45. Kc5 Kb7 46. Be6 Bc6
47. Bf5 Bf3 48. Be6 g4 49. Bxg4 Bxg4 50. Kd5 Kxb6 51. Kxe5 1/2-1/2

[Event "19. Open de Sants Hostafrancs 2017"]
[Site "Barcelona ESP"]
[Date "2017.08.19"]
[Round "2.15"]
[White "Vera Siguenas, Deivy"]
[Black "Haag, Gregor"]
[Result "1-0"]
[WhiteElo "2525"]
[BlackElo "2252"]
[PlyCount "77"]
[EventDate "2017.08.18"]
[EventType "swiss"]
[EventRounds "10"]
[EventCountry "ESP"]
[SourceTitle "Ajedrez en Madrid"]
[Source "lmi"]
[SourceDate "2017.08.18"]

1. e4 c5 2. Nf3 e6 3. g3 Nc6 4. Bg2 Nf6 5. d3 d5 6. Qe2 Be7 7. O-O O-O 8. e5
Nd7 9. c4 d4 10. h4 Rb8 11. Bf4 a6 12. h5 b5 13. Nbd2 Bb7 14. cxb5 axb5 15. Ne4
Nb4 16. h6 g6 17. Rfc1 Nd5 18. Bg5 Nxe5 19. Bxe7 Nxf3+ 20. Bxf3 Qxe7 21. Nxc5
Qg5 22. Nxb7 Rxb7 23. Rc5 Rd8 24. Bxd5 exd5 25. Qf3 Qxh6 26. Rxd5 Rbb8 27. Re1
Qf8 28. a3 b4 29. a4 b3 30. Rc1 Qe7 31. a5 Qe6 32. Rxd8+ Rxd8 33. Kg2 Rd7 34.
Rc6 Qd5 35. a6 Kg7 36. Rb6 Qe5 37. Rb7 Qe6 38. Rxd7 Qxd7 39. Qb7 1-0

[Event "19. Open de Sants Hostafrancs 2017"]
[Site "Barcelona ESP"]
[Date "2017.08.19"]
[Round "2.16"]
[White "Pantzar, Milton"]
[Black "Dobrov, Vladimir"]
[Result "0-1"]
[WhiteElo "2256"]
[BlackElo "2510"]
[PlyCount "50"]
[EventDate "2017.08.18"]
[EventType "swiss"]
[EventRounds "10"]
[EventCountry "ESP"]
[SourceTitle "Ajedrez en Madrid"]
[Source "lmi"]
[SourceDate "2017.08.18"]

1. c4 f5 2. Nf3 Nf6 3. g3 g6 4. Bg2 Bg7 5. O-O O-O 6. d4 d6 7. Nc3 c6 8. Qc2
Na6 9. a3 Qe8 10. b4 Nc7 11. Bb2 e5 12. dxe5 dxe5 13. Na4 e4 14. Nd4 g5 15.
Rad1 f4 16. Nc5 e3 17. Nf5 Bxf5 18. Qxf5 Qh5 19. Bf3 Qh6 20. Nxb7 Rae8 21. Nd6
Re6 22. Qc2 g4 23. Nf5 Qg6 24. Rd7 Nxd7 25. Bxg7 Rxf5 0-1

[Event "19. Open de Sants Hostafrancs 2017"]
[Site "Barcelona ESP"]
[Date "2017.08.19"]
[Round "2.17"]
[White "Ferreira, Jorge Viterbo"]
[Black "Visser, Henk-jan"]
[Result "1-0"]
[WhiteElo "2499"]
[BlackElo "2247"]
[PlyCount "95"]
[EventDate "2017.08.18"]
[EventType "swiss"]
[EventRounds "10"]
[EventCountry "ESP"]
[SourceTitle "Ajedrez en Madrid"]
[Source "lmi"]
[SourceDate "2017.08.18"]

1. e4 c5 2. Nf3 d6 3. d4 cxd4 4. Nxd4 Nf6 5. Nc3 a6 6. Be2 e5 7. Nb3 Be7 8. O-O
O-O 9. Qd3 Nc6 10. Nd5 Nxd5 11. exd5 Nd4 12. Nxd4 exd4 13. Qxd4 Bf6 14. Qd1 b5
15. c3 Rb8 16. Bd3 Re8 17. Re1 Bb7 18. Rxe8+ Qxe8 19. Bf4 Qe7 20. Qd2 Re8 21.
h3 g6 22. Bc2 Qe2 23. Bb3 Bh4 24. Qxe2 Rxe2 25. g3 Be7 26. Kf1 Rxb2 27. Bc1
Rxb3 28. axb3 Bxd5 29. Rxa6 Bxb3 30. Ba3 Kg7 31. Bb4 h5 32. h4 Bc4+ 33. Ke1 Kh7
34. Rb6 Kg7 35. Bxd6 Bd8 36. Be5+ Kf8 37. Rb8 Ke7 38. Bf6+ Kxf6 39. Rxd8 Ke5
40. Rd4 Ke6 41. Kd2 f6 42. Kc1 g5 43. Kb2 Bf1 44. Kb3 Kf5 45. Kb4 Be2 46. Kc5
Bf1 47. Rb4 Bd3 48. Rxb5 1-0

[Event "19. Open de Sants Hostafrancs 2017"]
[Site "Barcelona ESP"]
[Date "2017.08.19"]
[Round "2.18"]
[White "Hertneck, Gerald"]
[Black "Roig Aguilar, Alejandro"]
[Result "1-0"]
[WhiteElo "2498"]
[BlackElo "2243"]
[PlyCount "87"]
[EventDate "2017.08.18"]
[EventType "swiss"]
[EventRounds "10"]
[EventCountry "ESP"]
[SourceTitle "Ajedrez en Madrid"]
[Source "lmi"]
[SourceDate "2017.08.18"]

1. Nf3 g6 2. d4 Nf6 3. Bg5 Bg7 4. Nbd2 d5 5. c3 O-O 6. e3 c5 7. dxc5 Qc7 8. Nb3
Nbd7 9. Bb5 Rd8 10. Bf4 e5 11. Bg3 Ne4 12. Bxd7 Nxg3 13. Bxc8 Nxh1 14. Bh3 e4
15. Nfd4 Qxh2 16. Ke2 Nxf2 17. Kxf2 Qe5 18. Ke2 a5 19. a4 Ra6 20. Kd2 Bh6 21.
Qe2 Rf6 22. Nc2 Ra8 23. Nbd4 Qc7 24. Qb5 Raa6 25. Rd1 Bf8 26. b4 Rf2+ 27. Kc1
Raf6 28. Nb3 Qe5 29. Rd4 axb4 30. cxb4 Bh6 31. Qxb7 Qg3 32. Qxd5 Bxe3+ 33. Kb2
Bxd4+ 34. Nbxd4 Qd3 35. Qe5 e3 36. c6 Rxc6 37. Qe8+ Kg7 38. Qxc6 Qxd4+ 39. Qc3
Qxc3+ 40. Kxc3 e2 41. Kd2 f5 42. a5 Kf6 43. a6 Ke7 44. Ne1 1-0

[Event "19. Open de Sants Hostafrancs 2017"]
[Site "Barcelona ESP"]
[Date "2017.08.19"]
[Round "2.19"]
[White "Costantini, Roberto"]
[Black "Munoz, Miguel"]
[Result "0-1"]
[WhiteElo "2253"]
[BlackElo "2497"]
[PlyCount "114"]
[EventDate "2017.08.18"]
[EventType "swiss"]
[EventRounds "10"]
[EventCountry "ESP"]
[SourceTitle "Ajedrez en Madrid"]
[Source "lmi"]
[SourceDate "2017.08.18"]

1. e4 d5 2. exd5 Qxd5 3. Nc3 Qa5 4. d4 Nf6 5. Bc4 Nc6 6. d5 Nb4 7. Bd2 Qc5 8.
Bb5+ c6 9. Be3 Qd6 10. dxc6 bxc6 11. Ba4 Bd7 12. Nf3 Nbd5 13. Bd2 e6 14. O-O
Qc7 15. Ne2 Bd6 16. c4 Nb6 17. c5 Bxc5 18. Bf4 Qb7 19. Ne5 Rc8 20. Rc1 Be7 21.
Nd4 Nxa4 22. Qxa4 c5 23. Nxd7 Qxd7 24. Nb5 Nd5 25. Bd6 O-O 26. Bxe7 Qxe7 27.
Qxa7 Qxa7 28. Nxa7 Ra8 29. Nb5 Rxa2 30. Rxc5 Rxb2 31. g3 g6 32. Nd4 Ra8 33. Rc2
Rxc2 34. Nxc2 Ra2 35. Nd4 Kg7 36. Rd1 Kf6 37. Rd3 g5 38. Rf3+ Ke5 39. Nc6+ Kd6
40. Nd8 f6 41. Rb3 h5 42. h3 h4 43. Nb7+ Kc6 44. Nd8+ Kd7 45. Nb7 Rc2 46. Rd3
hxg3 47. fxg3 f5 48. Na5 Kd6 49. Nb3 e5 50. Rf3 f4 51. gxf4 gxf4 52. h4 e4 53.
Rh3 Ke5 54. h5 f3 55. h6 Nf4 56. Rh2 f2+ 57. Kf1 e3 0-1

[Event "19. Open de Sants Hostafrancs 2017"]
[Site "Barcelona ESP"]
[Date "2017.08.19"]
[Round "2.20"]
[White "Salomon, Johan"]
[Black "Montilla Carrillo, Esteban"]
[Result "1-0"]
[WhiteElo "2488"]
[BlackElo "2228"]
[PlyCount "107"]
[EventDate "2017.08.18"]
[EventType "swiss"]
[EventRounds "10"]
[EventCountry "ESP"]
[SourceTitle "Ajedrez en Madrid"]
[Source "lmi"]
[SourceDate "2017.08.18"]

1. Nf3 Nf6 2. c4 c5 3. Nc3 b6 4. d4 cxd4 5. Nxd4 Bb7 6. f3 g6 7. e4 d6 8. Be2
Bg7 9. Be3 Nbd7 10. O-O O-O 11. Qd2 Rc8 12. Rfd1 Re8 13. Rac1 Ne5 14. b3 a6 15.
Bf1 Nfd7 16. Kh1 Nc5 17. Be2 Nc6 18. Nc2 h5 19. Nd5 a5 20. Na3 Ba6 21. Nb1 Rb8
22. Nbc3 Ne5 23. Bg5 Kh7 24. Qe1 f6 25. Be3 e6 26. Nf4 Qe7 27. Qd2 Red8 28. Rb1
Qf7 29. Nh3 Bf8 30. Rf1 Be7 31. Rbd1 Rg8 32. f4 Ng4 33. Bd4 Bb7 34. Qe1 Nh6 35.
Bf3 Qe8 36. Qe2 e5 37. Bxc5 dxc5 38. f5 Ng4 39. Bxg4 hxg4 40. Qxg4 g5 41. Rd3
Rd8 42. Rxd8 Bxd8 43. Nf2 Kg7 44. Kg1 Rh8 45. Qf3 Bc6 46. a4 Be7 47. h3 Qa8 48.
Ng4 Rd8 49. Nd5 Qb7 50. Nxe5 Bxd5 51. cxd5 fxe5 52. f6+ Kg8 53. Qh5 Bd6 54. f7+
1-0

[Event "19. Open de Sants Hostafrancs 2017"]
[Site "Barcelona ESP"]
[Date "2017.08.19"]
[Round "2.21"]
[White "Hernandez Moya, Yuleisy"]
[Black "Praggnanandhaa, R."]
[Result "0-1"]
[WhiteElo "2248"]
[BlackElo "2487"]
[PlyCount "98"]
[EventDate "2017.08.18"]
[EventType "swiss"]
[EventRounds "10"]
[EventCountry "ESP"]
[SourceTitle "Ajedrez en Madrid"]
[Source "lmi"]
[SourceDate "2017.08.18"]

1. e4 e5 2. Nf3 Nc6 3. Bc4 Nf6 4. d3 h6 5. c3 d6 6. h3 g6 7. O-O Bg7 8. Re1 O-O
9. Nbd2 Bd7 10. Bb3 Kh8 11. Nf1 Ng8 12. d4 f5 13. dxe5 dxe5 14. exf5 gxf5 15.
Ng3 e4 16. Nd4 Nxd4 17. cxd4 Be8 18. Bf4 Qxd4 19. Bxc7 Qxb2 20. Rb1 Qf6 21. Bd5
Bc6 22. Nh5 Qd4 23. Bxc6 bxc6 24. Nxg7 Qxg7 25. Ba5 Rf7 26. Qc2 Qg6 27. Rb3 Ne7
28. Rg3 Qe6 29. Bc3+ Kh7 30. Qe2 Nd5 31. Ba1 Nf4 32. Qb2 Nh5 33. Rb3 Rc8 34.
Rb7 Rg8 35. Rd1 Nf4 36. Rd6 Qc4 37. Rxf7+ Qxf7 38. g3 Nxh3+ 39. Kh2 Ng5 40. Kg2
e3 41. Qd4 e2 42. Bc3 c5 43. Qd3 c4 44. Qd4 Qb7+ 45. Qd5 Qxd5+ 46. Rxd5 Ne4 47.
Rd7+ Kg6 48. Be1 Rc8 49. f3 c3 0-1

[Event "19. Open de Sants Hostafrancs 2017"]
[Site "Barcelona ESP"]
[Date "2017.08.19"]
[Round "2.22"]
[White "Mons, Leon"]
[Black "Capellades Subirana, Marc"]
[Result "1-0"]
[WhiteElo "2483"]
[BlackElo "2227"]
[PlyCount "63"]
[EventDate "2017.08.18"]
[EventType "swiss"]
[EventRounds "10"]
[EventCountry "ESP"]
[SourceTitle "Ajedrez en Madrid"]
[Source "lmi"]
[SourceDate "2017.08.18"]

1. d4 Nf6 2. Nf3 c5 3. e3 d5 4. c4 cxd4 5. exd4 g6 6. Nc3 Bg7 7. cxd5 O-O 8.
Bc4 Nbd7 9. O-O Nb6 10. Bb3 Nfxd5 11. Bg5 h6 12. Bh4 Be6 13. Re1 Bf6 14. Rxe6
fxe6 15. Bg3 Rc8 16. Qd3 Kh7 17. Re1 Rc6 18. h4 Rg8 19. Ne5 Bxe5 20. Bxe5 Qf8
21. h5 Qf5 22. hxg6+ Rxg6 23. Qxf5 exf5 24. Nxd5 Nxd5 25. Bxd5 Rc2 26. Bb3 Rxb2
27. d5 Rxb3 28. axb3 Rb6 29. Bd4 Rxb3 30. Rxe7+ Kg8 31. d6 Rd3 32. d7 1-0

[Event "19. Open de Sants Hostafrancs 2017"]
[Site "Barcelona ESP"]
[Date "2017.08.19"]
[Round "2.23"]
[White "Gomez Jurado, Luis Alberto"]
[Black "Firat, Burak"]
[Result "0-1"]
[WhiteElo "2246"]
[BlackElo "2482"]
[PlyCount "54"]
[EventDate "2017.08.18"]
[EventType "swiss"]
[EventRounds "10"]
[EventCountry "ESP"]
[SourceTitle "Ajedrez en Madrid"]
[Source "lmi"]
[SourceDate "2017.08.18"]

1. Nf3 d6 2. d4 f5 3. c4 Nf6 4. g3 g6 5. b3 Bg7 6. Bb2 O-O 7. Bg2 Qe8 8. O-O h6
9. Nc3 c6 10. d5 c5 11. Qd3 g5 12. Nd2 f4 13. gxf4 gxf4 14. Nb5 Na6 15. a3 Qh5
16. f3 Bf5 17. Qc3 Rf7 18. Qc1 Nd7 19. Bxg7 Rxg7 20. Kh1 Kh7 21. Rg1 Rag8 22.
Qc3 Rg5 23. Nf1 Qg6 24. e4 Rxg2 25. Ng3 Rxh2+ 26. Kxh2 fxg3+ 27. Kg2 Bh3+ 0-1

[Event "19. Open de Sants Hostafrancs 2017"]
[Site "Barcelona ESP"]
[Date "2017.08.19"]
[Round "2.24"]
[White "Moroni, Luca Jr"]
[Black "Raahul, V S."]
[Result "1-0"]
[WhiteElo "2476"]
[BlackElo "2224"]
[PlyCount "57"]
[EventDate "2017.08.18"]
[EventType "swiss"]
[EventRounds "10"]
[EventCountry "ESP"]
[SourceTitle "Ajedrez en Madrid"]
[Source "lmi"]
[SourceDate "2017.08.18"]

1. Nf3 Nf6 2. d4 g6 3. c4 Bg7 4. g3 O-O 5. Bg2 d6 6. Nc3 Nc6 7. O-O a6 8. Bf4
Rb8 9. Rc1 Nd7 10. d5 Nce5 11. Nxe5 Nxe5 12. b3 c5 13. dxc6 Nxc6 14. Nd5 Nd4
15. Be3 e5 16. Re1 b5 17. Bd2 bxc4 18. Rxc4 Be6 19. e3 Rb5 20. Nc3 Bxc4 21.
bxc4 Rc5 22. exd4 exd4 23. Ne4 Rxc4 24. Bg5 Qc7 25. Nf6+ Kh8 26. Ne8 Qc5 27.
Bf1 Qxg5 28. Bxc4 Be5 29. Nxd6 1-0

[Event "19. Open de Sants Hostafrancs 2017"]
[Site "Barcelona ESP"]
[Date "2017.08.19"]
[Round "2.25"]
[White "Ventura Bolet, Maxim"]
[Black "Rios, Cristhian Camilo"]
[Result "1/2-1/2"]
[WhiteElo "2228"]
[BlackElo "2475"]
[PlyCount "137"]
[EventDate "2017.08.18"]
[EventType "swiss"]
[EventRounds "10"]
[EventCountry "ESP"]
[SourceTitle "Ajedrez en Madrid"]
[Source "lmi"]
[SourceDate "2017.08.18"]

1. Nf3 Nf6 2. c4 e6 3. g3 a6 4. Bg2 b5 5. O-O bxc4 6. Ne5 d5 7. Nxc4 c5 8. d3
Be7 9. Qa4+ Bd7 10. Qa5 Nc6 11. Qxd8+ Bxd8 12. Nca3 Nd4 13. e3 Ne2+ 14. Kh1
Nxc1 15. Rxc1 Rb8 16. b3 Be7 17. h3 a5 18. Nc2 a4 19. Nd2 O-O 20. Rab1 axb3 21.
axb3 Bb5 22. Bf1 Nd7 23. d4 Bxf1 24. Rxf1 cxd4 25. Nxd4 Rb6 26. Rfc1 Nc5 27.
Kg2 Rfb8 28. N2f3 f6 29. b4 Nd3 30. Rc3 Nxb4 31. Rcb3 Kf7 32. Nc2 Bc5 33. Nxb4
Bxb4 34. Nd4 e5 35. Ne2 Bc5 36. Rxb6 Bxb6 37. Nc1 Ke6 38. Nd3 Kd6 39. g4 Rb7
40. Rb2 Kc6 41. Rc2+ Kb5 42. Rc8 Bc7 43. Kf1 Kc6 44. h4 Kd6 45. Kg2 h6 46. h5
Ke7 47. Rg8 Kf7 48. Rc8 Bd6 49. Rd8 Ke7 50. Rg8 Ke6 51. Re8+ Be7 52. Nc5+ Kf7
53. Nxb7 Kxe8 54. Na5 Kf7 55. Nb3 f5 56. Kg3 fxg4 57. Kxg4 Kf6 58. e4 d4 59.
Nc1 g6 60. Nd3 gxh5+ 61. Kxh5 Bf8 62. Ne1 Ke6 63. Nd3 Kf6 64. Ne1 Kf7 65. Nd3
Ke6 66. Kg6 Kd6 67. Kf5 Bg7 68. Kg6 Bf8 69. Kf5 1/2-1/2

[Event "19. Open de Sants Hostafrancs 2017"]
[Site "Barcelona ESP"]
[Date "2017.08.19"]
[Round "2.26"]
[White "Christiansen, Johan-sebastian"]
[Black "Jimenez Garcia, Emmanuel"]
[Result "1/2-1/2"]
[WhiteElo "2475"]
[BlackElo "2219"]
[PlyCount "75"]
[EventDate "2017.08.18"]
[EventType "swiss"]
[EventRounds "10"]
[EventCountry "ESP"]
[SourceTitle "Ajedrez en Madrid"]
[Source "lmi"]
[SourceDate "2017.08.18"]

1. e4 c6 2. Nc3 d5 3. Nf3 g6 4. d4 Bg7 5. h3 Nh6 6. exd5 cxd5 7. Bb5+ Nc6 8.
Ne5 Bd7 9. Nxd7 Qxd7 10. Ne2 Nf5 11. c3 O-O 12. O-O Nd6 13. Bd3 e6 14. Nf4 b5
15. a4 b4 16. a5 Nc4 17. a6 Rab8 18. Qa4 Rfd8 19. Bxc4 dxc4 20. Be3 Qd6 21. Qa2
bxc3 22. bxc3 Rb3 23. Rfc1 e5 24. dxe5 Bxe5 25. Ne2 Qd5 26. Qa4 Rd6 27. Kh1 Kg7
28. f4 Rb2 29. Ra2 Rxa2 30. Qxa2 Bf6 31. Ng1 Qe4 32. Qf2 Ne7 33. Re1 Rxa6 34.
Bxa7 Qd3 35. Qc5 Nf5 36. Re8 Ng3+ 37. Kh2 Nf1+ 38. Kh1 1/2-1/2

[Event "19. Open de Sants Hostafrancs 2017"]
[Site "Barcelona ESP"]
[Date "2017.08.19"]
[Round "2.27"]
[White "Solano Cuya, Bryan"]
[Black "Brunner, Nicolas"]
[Result "0-1"]
[WhiteElo "2228"]
[BlackElo "2472"]
[PlyCount "62"]
[EventDate "2017.08.18"]
[EventType "swiss"]
[EventRounds "10"]
[EventCountry "ESP"]
[SourceTitle "Ajedrez en Madrid"]
[Source "lmi"]
[SourceDate "2017.08.18"]

1. d4 Nf6 2. Nf3 d5 3. c4 e6 4. Nc3 Bb4 5. Bg5 dxc4 6. e3 b5 7. a4 c6 8. Qc2
Bb7 9. Be2 O-O 10. O-O a6 11. e4 h6 12. Bh4 Be7 13. e5 Nd5 14. Bxe7 Nxe7 15.
Ne4 Nd7 16. b3 cxb3 17. Qxb3 Qb6 18. a5 Qa7 19. Rfc1 c5 20. Nxc5 Bd5 21. Qe3
Nxc5 22. Rxc5 Rac8 23. g4 Rxc5 24. dxc5 Rc8 25. Rc1 Qc7 26. Nd4 Qxa5 27. f4
Rxc5 28. Rd1 Rc3 29. Qf2 Qc7 30. Bxb5 axb5 31. Nxb5 Rc1 0-1

[Event "19. Open de Sants Hostafrancs 2017"]
[Site "Barcelona ESP"]
[Date "2017.08.19"]
[Round "2.28"]
[White "Rodriguez Alvarez, Vidal"]
[Black "Gonzalez Acosta, Bernal"]
[Result "0-1"]
[WhiteElo "2224"]
[BlackElo "2467"]
[PlyCount "74"]
[EventDate "2017.08.18"]
[EventType "swiss"]
[EventRounds "10"]
[EventCountry "ESP"]
[SourceTitle "Ajedrez en Madrid"]
[Source "lmi"]
[SourceDate "2017.08.18"]

1. Nf3 f5 2. c4 Nf6 3. g3 g6 4. b3 Bg7 5. Bb2 d6 6. d4 O-O 7. Nbd2 e6 8. Bg2
Nc6 9. O-O Qe7 10. Qc2 e5 11. dxe5 dxe5 12. e4 f4 13. gxf4 Nh5 14. fxe5 Nf4 15.
Kh1 Bg4 16. Ng1 Rad8 17. Ndf3 Rf7 18. e6 Nxe6 19. Bxg7 Kxg7 20. Qb2+ Kg8 21.
Rae1 Qc5 22. Re3 Qh5 23. Ne1 Nf4 24. f3 Be6 25. Ne2 Qg5 26. Nxf4 Qxf4 27. Rd3
Rfd7 28. Qc2 Nb4 29. Rxd7 Rxd7 30. Qf2 b6 31. a3 Nc6 32. Qc2 Rd2 33. Qc3 Ne5
34. c5 h5 35. cxb6 cxb6 36. Qc1 h4 37. Rf2 Ng4 0-1

[Event "19. Open de Sants Hostafrancs 2017"]
[Site "Barcelona ESP"]
[Date "2017.08.19"]
[Round "2.29"]
[White "Neef, Maximilian"]
[Black "Serarols Mabras, Bernat"]
[Result "1-0"]
[WhiteElo "2451"]
[BlackElo "2218"]
[PlyCount "59"]
[EventDate "2017.08.18"]
[EventType "swiss"]
[EventRounds "10"]
[EventCountry "ESP"]
[SourceTitle "Ajedrez en Madrid"]
[Source "lmi"]
[SourceDate "2017.08.18"]

1. d4 Nf6 2. Bf4 d5 3. e3 c5 4. dxc5 e6 5. b4 Ne4 6. f3 Nf6 7. c3 Nc6 8. Bb5
Nh5 9. Ne2 Qh4+ 10. Bg3 Nxg3 11. Nxg3 Bd7 12. O-O a5 13. a3 Be7 14. Qd3 O-O 15.
Bxc6 Bxc6 16. Nd2 Rfd8 17. f4 Bf6 18. Nf3 Qg4 19. Nd4 Bd7 20. Nge2 g6 21. Nf3
Qh5 22. h3 Qh6 23. Ned4 Re8 24. Ne5 Bxe5 25. fxe5 Qh5 26. Nf3 Ra7 27. Nh2 Re7
28. Ng4 Qg5 29. Qd4 Bb5 30. h4 1-0

[Event "19. Open de Sants Hostafrancs 2017"]
[Site "Barcelona ESP"]
[Date "2017.08.19"]
[Round "2.30"]
[White "Goh, Wei Ming Kevin"]
[Black "Pajeken, Wolfgang"]
[Result "1-0"]
[WhiteElo "2446"]
[BlackElo "2218"]
[PlyCount "59"]
[EventDate "2017.08.18"]
[EventType "swiss"]
[EventRounds "10"]
[EventCountry "ESP"]
[SourceTitle "Ajedrez en Madrid"]
[Source "lmi"]
[SourceDate "2017.08.18"]

1. e4 e5 2. Nf3 Nc6 3. Bc4 Bc5 4. c3 Nf6 5. d3 a6 6. O-O d6 7. a4 Ba7 8. Re1
Be6 9. Na3 Qd7 10. Bg5 Ng4 11. Bh4 f6 12. h3 h5 13. Bg3 Nh6 14. d4 Bxc4 15.
Nxc4 g5 16. Qb3 h4 17. Bh2 O-O-O 18. Rad1 g4 19. hxg4 Qxg4 20. Ne3 Qxe4 21.
Qe6+ Kb8 22. Qxf6 exd4 23. Ng5 Qe8 24. Nd5 Qg8 25. Ne6 Ng4 26. Qf5 dxc3 27.
Nxd8 Bxf2+ 28. Kh1 Bxe1 29. Nxc6+ bxc6 30. Ne7 1-0

[Event "19. Open de Sants Hostafrancs 2017"]
[Site "Barcelona ESP"]
[Date "2017.08.19"]
[Round "2.31"]
[White "Jaksland, Tim"]
[Black "Sturt, Raven M"]
[Result "0-1"]
[WhiteElo "2219"]
[BlackElo "2444"]
[PlyCount "110"]
[EventDate "2017.08.18"]
[EventType "swiss"]
[EventRounds "10"]
[EventCountry "ESP"]
[SourceTitle "Ajedrez en Madrid"]
[Source "lmi"]
[SourceDate "2017.08.18"]

1. Nf3 Nf6 2. c4 e6 3. g3 d5 4. Bg2 Be7 5. O-O O-O 6. b3 c5 7. Bb2 Nc6 8. e3 b6
9. Nc3 Bb7 10. cxd5 exd5 11. d4 Re8 12. dxc5 bxc5 13. Nh4 Ne5 14. Na4 Bf8 15.
Nf3 Ned7 16. Rc1 Rc8 17. Qd3 c4 18. Qd4 Nc5 19. Nxc5 Bxc5 20. Qh4 Ne4 21. Qxd8
Rcxd8 22. Rfd1 Nxf2 23. Kxf2 Bxe3+ 24. Kf1 Ba6 25. bxc4 Bxc1 26. Rxc1 Bxc4+ 27.
Kg1 Re2 28. Bd4 Rxa2 29. Ne5 Ra4 30. Bf3 f6 31. Nc6 Re8 32. Bc5 Kf7 33. Nxa7
Ra5 34. Bd4 Re6 35. Rb1 Be2 36. Bg2 Bd3 37. Rc1 Be4 38. Bh3 Re8 39. Nc8 Kg6 40.
Nd6 Rb8 41. Re1 Ra4 42. Rxe4 Rb1+ 43. Kf2 dxe4 44. Bf5+ Kh5 45. g4+ Kh4 46.
Bxe4 Rbb4 47. Ke3 Kh3 48. Bc5 Rb3+ 49. Kf4 g5+ 50. Kf5 Ra5 51. Kxf6 Rxc5 52.
Nf7 Rb6+ 53. Kg7 Kxg4 54. Bxh7 Kh3 55. Be4 Kxh2 0-1

[Event "19. Open de Sants Hostafrancs 2017"]
[Site "Barcelona ESP"]
[Date "2017.08.19"]
[Round "2.32"]
[White "Collins, Sam E"]
[Black "Villar Reymundo, Juan Antonio"]
[Result "1/2-1/2"]
[WhiteElo "2443"]
[BlackElo "2215"]
[PlyCount "73"]
[EventDate "2017.08.18"]
[EventType "swiss"]
[EventRounds "10"]
[EventCountry "ESP"]
[SourceTitle "Ajedrez en Madrid"]
[Source "lmi"]
[SourceDate "2017.08.18"]

1. e4 c5 2. Nf3 d6 3. Bb5+ Bd7 4. Bxd7+ Qxd7 5. c4 Nf6 6. Nc3 g6 7. d4 cxd4 8.
Nxd4 Bg7 9. f3 O-O 10. Be3 Nc6 11. O-O Rac8 12. Nde2 Rfd8 13. Qd2 Qe8 14. Rfd1
Qf8 15. Rac1 h5 16. b3 Kh7 17. Nd5 Nd7 18. Nd4 Nde5 19. h3 Nxd4 20. Bxd4 Nc6
21. Bxg7 Qxg7 22. b4 e6 23. Ne3 Qh6 24. b5 Ne5 25. Qe2 b6 26. Rd4 Rc5 27. Rcd1
Rdc8 28. Rxd6 Nxc4 29. Nxc4 Rxc4 30. Rd7 R4c7 31. Qd2 Qxd2 32. R1xd2 Kg7 33. h4
Kf8 34. Kh2 Ke8 35. R7d3 Rc5 36. Ra3 R8c7 37. Rb2 1/2-1/2